Effects of daily precipitation and evapotranspiration patterns on flow and VOC transport to groundwater along a watershed flow path /
Na minha lista:
| Autor principal: | |
|---|---|
| Outros Autores: | , |
| Formato: | Atigo |
| Idioma: | English |
| Assuntos: | |
| Tags: |
Adicionar Tag
Sem tags, seja o primeiro a adicionar uma tag!
|
| Thư viện lưu trữ: | Thư viện Trường Đại học Đà Lạt |
|---|
| LEADER | 01085nam a2200337 4500 | ||
|---|---|---|---|
| 001 | DLU090094152 | ||
| 005 | ##20091201 | ||
| 040 | # | # | |a DLU |b eng |
| 041 | # | # | |a eng |
| 044 | # | # | |a us |
| 100 | # | # | |a Johnson, Richard L. |
| 245 | # | # | |a Effects of daily precipitation and evapotranspiration patterns on flow and VOC transport to groundwater along a watershed flow path / |c Richard L. Johnson, R. Brad Thoms, John S. Zogorski. |
| 653 | # | # | |a Aquifers |
| 653 | # | # | |a Evapotranspiration |
| 653 | # | # | |a Groundwater recharge |
| 653 | # | # | |a Numerical simulation |
| 653 | # | # | |a Rainfall rate |
| 653 | # | # | |a Water pollution |
| 653 | # | # | |a Watershed |
| 700 | # | # | |a Thoms, R. Brad. |
| 700 | # | # | |a Zogorski, John S. |
| 773 | # | # | |t Environmental Science & Technology |g Vol. 37, no. 21 (November 2003), p. 4944-4954 |
| 920 | # | # | |a Phòng Tạp chí -- Trung tâm Thông tin - Thư viện Trường Đại học Đà Lạt |
| 994 | # | # | |a DLU |
| 900 | # | # | |a True |
| 911 | # | # | |a Trương Bảo Trâm Anh |
| 925 | # | # | |a G |
| 926 | # | # | |a A |
| 927 | # | # | |a BB |
| 980 | # | # | |a Thư viện Trường Đại học Đà Lạt |